| 000 | 00314nam a22001097a 4500 | ||
|---|---|---|---|
| 040 | _crua | ||
| 082 | _aCTI JAN 2004 C332 Or. | ||
| 245 | _aTHE STUDY ON HYDRO-METROLOGICAL MONITORING FOR WATER QUANTITY RULES IN MEKONG RIVER BASIN, | ||
| 260 |
_aphnom penh _brua _c2004 |
||
| 300 |
_axv.131p. _bill. _c29cm |
||
| 942 | _cEK | ||
| 999 |
_c22069 _d22069 |
||